Impossible chemistry quiz - Statistics

General Stats
  • This quiz has been taken 114 times
  • The average score is 2 of 10
Answer Stats
Question Answer % Correct
Rows, periods, columns or files? Periods
44%
Well done Well done
44%
When was the latest element found? A few weeks ago
33%
The quiz has finished The quiz has finished
28%
Which of these are not related to chemistry Potions
22%
What state of matter is glass at room temperature? Glass
17%
How do you make a bucket lighter? Put a torch in it
11%
Thank you playing the quiz. As a bonus you get a free point. Click the first option It was impossible
6%
STOO COPYING ME! Stoo
6%
Which of these jobs doesn’t require chemistry Chemistry teacher
0%
No matching quizzes found
Score Distribution
Percent of People with Each Score
Percentile by Number Answered
Your Score History
You have not taken this quiz